000 00796nam a2200253Ia 4500
003 OSt
005 20220923230509.0
006 a|||||r|||| 00| 0
007 ta
008 Pun
020 _c100
024 _a282,559
037 _b857, 12/08/2014, H.K. Prakashan
_cTextual
040 _aARTS
_cARTS
_bPun
041 _2Pun
_aPun
082 _aO153,1NK04x, Q2
100 _aਕੋਮਲ, ਹਰਭਜਨ ਸਿੰਘ
_9156315
245 0 _aਧਰਤੀ ਦੀ ਫ਼ਗ਼ਲ
260 _aਦਿੱਲੀ
_b ਨੈFਨਲ ਬੁਕ Fਾਪ
_c2003
300 _a112ਪੰ
_ccm.
650 _aਪੰਜਾਬੀ ਸਾਹਿਤ
942 _hO153,1NK04x, Q2
_cTEXL
_2CC
999 _c385263
_d385263